17_石川県の市町村(ひらがな対応・五十音順) - Statistics

General Stats
  • This quiz has been taken 46 times
  • The average score is 17 of 19
Answer Stats
種類 市町村名 % Correct
金沢市
100%
珠洲市
100%
白山市
97%
七尾市
94%
能登町
94%
輪島市
94%
穴水町
91%
加賀市
91%
小松市
91%
中能登町
91%
野々市市
91%
羽咋市
91%
かほく市
88%
能美市
88%
宝達志水町
85%
内灘町
79%
志賀町
76%
川北町
62%
津幡町
62%
No matching quizzes found
Score Distribution
Percent of People with Each Score
Percentile by Number Answered
Your Score History
You have not taken this quiz